| 000 | 00657npc a2200205Ia 4500 | ||
|---|---|---|---|
| 001 | dp4/9-44806 | ||
| 003 | IT-MiCISF | ||
| 008 | 161014s9999||||xx | und|| | ||
| 040 |
_aIT-MiCISF _cIT-MiCISF |
||
| 041 | _ait | ||
| 100 | _aTettamanzi Dionigi | ||
| 245 | 0 |
_aIl Signore รจ vicino a chi ha il cuore finito (Salmo 34, 19) _blettera agli sposi in situazione di separazione, divorzio e nuova unione |
|
| 250 | _a1a ed. | ||
| 260 |
_a Milano _bITL _c2008 |
||
| 300 | _app. 23 | ||
| 500 | _a / pastorale-situazione-difficili, nuove-nozze, separazione, divorzio / | ||
| 650 | _apastorale-familiare | ||
| 942 | _cDD | ||
| 957 | _71 | ||
| 999 |
_a44806 _bsi _g1 _c206680 _d206680 |
||